[Event "SUI-chT"]
[White "Kupper, Patrick"]
[Black "Raeber, Markus"]
[Site "Switzerland"]
[Round "8.6"]
[Result "1-0"]
[Date "2008.09.20"]
[WhiteElo "2297"]
[BlackElo "2235"]
[PlyCount "75"]
[EventDate "2008.03.02"]
[EventType "team-tourn"]
[EventRounds "9"]
[EventCountry "SUI"]
[SourceTitle "EXT 2009"]
[Source "ChessBase"]
[SourceDate "2008.11.26"]
[SourceVersion "1"]
[SourceVersionDate "2008.11.26"]
[SourceQuality "1"]
[WhiteTeam "Wollishofen"]
[BlackTeam "Luzern"]
[WhiteTeamCountry "SUI"]
[BlackTeamCountry "SUI"]

1. e4 d6 2. d4 Nf6 3. Nc3 g6 4. f4 Bg7 5. Nf3 c5 6. dxc5 Qa5 7. Bd3 Qxc5 8. Qe2 Bg4 9. Be3 Qa5 10. 0-0 0-0 11. Qe1 Bxf3 12. Rxf3 Nc6 13. Kh1 Rac8 14. Rh3 h5 15. a3 Ng4 16. Bg1 e6 17. Rd1 Rfe8 18. Be2 d5 19. Qh4 Bf6 20. Qg3 Bxc3 21. bxc3 Nf6 22. exd5 exd5 23. Bxh5 Ne4 24. Qg4 Qc7 25. Bxg6 fxg6 26. Qxg6+ Qg7 27. Qf5 Rc7 28. Qxd5+ Rf7 29. Re1 Qg6 30. Rxe4 Qxe4 31. Rg3+ Kf8 32. Bc5+ Qe7 33. f5 Rd8 34. Bxe7+ Kxe7 35. Qe6+ Kf8 36. h3 Ne7 37. f6 Nd5 38. Rd3 1-0

[Event "SUI-chT"]
[White "Kupper, Patrick"]
[Black "Mantovani, Renzo"]
[Site "Switzerland"]
[Round "7.5"]
[Result "0-1"]
[Date "2004.09.05"]
[WhiteElo "2293"]
[BlackElo "2375"]
[PlyCount "70"]
[EventDate "2004.02.29"]
[EventType "team-tourn"]
[EventRounds "9"]
[EventCountry "SUI"]
[SourceTitle "EXT 2005"]
[Source "ChessBase"]
[SourceDate "2004.11.15"]
[SourceVersion "1"]
[SourceVersionDate "2004.11.15"]
[SourceQuality "1"]
[WhiteTeam "Wollishofen"]
[BlackTeam "Mendrisio"]
[WhiteTeamCountry "SUI"]
[BlackTeamCountry "SUI"]

1. e4 c5 2. c3 d5 3. exd5 Qxd5 4. d4 Nf6 5. Nf3 Nc6 6. Be3 cxd4 7. cxd4 e6 8. Nc3 Qd6 9. a3 g6 10. Bc4 Bg7 11. 0-0 0-0 12. Qe2 a6 13. Rad1 b5 14. Ba2 Bb7 15. Bg5 Rfe8 16. Rfe1 b4 17. Na4 bxa3 18. bxa3 Qxa3 19. Nb6 Rad8 20. Nc4 Qf8 21. Nce5 h6 22. Bh4 Nxe5 23. Nxe5 g5 24. Bg3 Ne4 25. Qb2 Nxg3 26. hxg3 Re7 27. Bb1 Bf6 28. Ng4 Qg7 29. Qb6 Red7 30. Ba2 Bxd4 31. Qb1 h5 32. Rxe6 fxe6 33. Bxe6+ Kh8 34. Bxd7 Rxd7 35. Ne3 Bxe3 0-1

[Event "SUI-chT"]
[White "Papa, Severin"]
[Black "Kupper, Patrick"]
[Site "Switzerland"]
[Round "3.6"]
[Result "0-1"]
[Date "2001.05.06"]
[WhiteElo "2235"]
[BlackElo "2285"]
[PlyCount "58"]
[EventDate "2001.03.04"]
[EventType "team-tourn"]
[EventRounds "9"]
[EventCountry "SUI"]
[SourceTitle "EXT 2002"]
[Source "ChessBase"]
[SourceDate "2001.11.25"]
[SourceVersion "1"]
[SourceVersionDate "2001.11.25"]
[SourceQuality "1"]
[WhiteTeam "Winterthur"]
[BlackTeam "Wollishofen"]
[WhiteTeamCountry "SUI"]
[BlackTeamCountry "SUI"]

1. d4 Nf6 2. c4 e6 3. g3 c5 4. Nf3 cxd4 5. Nxd4 Bb4+ 6. Bd2 Qb6 7. Bg2 Bc5 8. e3 Bxd4 9. exd4 Qxd4 10. 0-0 Nc6 11. Na3 0-0 12. Qc2 Qc5 13. Bc3 b6 14. Qd2 Qh5 15. Rfe1 Rb8 16. Qf4 Qg4 17. Qd2 Bb7 18. h3 Qg6 19. Qd6 Rfd8 20. Rad1 a6 21. b4 Ne8 22. Qf4 d6 23. Be4 f5 24. Bb1 Ne7 25. Qh4 Qf7 26. Qg5 h6 27. Qe3 e5 28. f4 Qh5 29. Kh2 Nf6 0-1

[Event "SUI-chT"]
[White "Almada, Enrique"]
[Black "Kupper, Patrick"]
[Site "Switzerland"]
[Round "2.4"]
[Result "1-0"]
[Date "2001.03.25"]
[WhiteElo "2371"]
[BlackElo "2285"]
[PlyCount "81"]
[EventDate "2001.03.04"]
[EventType "team-tourn"]
[EventRounds "9"]
[EventCountry "SUI"]
[SourceTitle "EXT 2002"]
[Source "ChessBase"]
[SourceDate "2001.11.25"]
[SourceVersion "1"]
[SourceVersionDate "2001.11.25"]
[SourceQuality "1"]
[WhiteTeam "Luzern"]
[BlackTeam "Wollishofen"]
[WhiteTeamCountry "SUI"]
[BlackTeamCountry "SUI"]

1. d4 Nf6 2. Nf3 e6 3. c4 b6 4. g3 Ba6 5. b3 b5 6. Bg2 bxc4 7. Nfd2 d5 8. bxc4 c5 9. Bb2 Nbd7 10. cxd5 Nxd5 11. Nc3 Rb8 12. Qc1 N5f6 13. d5 exd5 14. Nxd5 Be7 15. Nxe7 Qxe7 16. 0-0 0-0 17. Re1 Rfd8 18. Bc3 Nb6 19. Qa3 Bc8 20. Rac1 Bf5 21. Nb3 Ne4 22. Bd4 Rbc8 23. Bxe4 Qxe4 24. f3 Qe8 25. Bxc5 Rd7 26. g4 Be6 27. Bf2 Rxc1 28. Rxc1 h5 29. Nc5 Rc7 30. gxh5 Qe7 31. Qe3 Nd5 32. Qd2 Rc6 33. e4 Nf6 34. Qg5 Rc7 35. h6 Ne8 36. Qxe7 Rxe7 37. Nxe6 fxe6 38. hxg7 Rxg7+ 39. Kf1 Nf6 40. Rc8+ Kh7 41. Ra8 1-0

[Event "SUI-chT"]
[White "Belotti, Bruno"]
[Black "Kupper, Patrick"]
[Site "Switzerland"]
[Round "5.2"]
[Result "1-0"]
[Date "1999.??.??"]
[WhiteElo "2441"]
[BlackElo "2300"]
[PlyCount "129"]
[EventDate "1999.01.??"]
[EventType "team-tourn"]
[EventRounds "9"]
[EventCountry "SUI"]
[SourceTitle "EXT 2001"]
[Source "ChessBase"]
[SourceDate "2000.11.22"]
[SourceVersion "1"]
[SourceVersionDate "2000.11.22"]
[SourceQuality "1"]

1. e4 e6 2. d3 d5 3. Qe2 Nf6 4. Nf3 dxe4 5. dxe4 b6 6. e5 Ba6 7. c4 Nfd7 8. g3 Nc6 9. Bg2 Bb7 10. 0-0 Be7 11. Rd1 Qc8 12. Nc3 0-0 13. Bf4 Rd8 14. h4 h6 15. Nh2 Nc5 16. Qg4 Kh7 17. Qh5 Rxd1+ 18. Rxd1 Qe8 19. a3 a5 20. Nb5 Rc8 21. Qe2 a4 22. Ng4 Kh8 23. Be3 Kg8 24. Bxc5 Bxc5 25. Qc2 Ba8 26. h5 Bb7 27. Qxa4 Qe7 28. Na7 Ra8 29. Bxc6 Bxc6 30. Qxc6 Rxa7 31. Rd7 Qg5 32. Qf3 Qf5 33. Kg2 Qxf3+ 34. Kxf3 Kf8 35. Rd8+ Ke7 36. Rg8 Bd4 37. Rxg7 Bxb2 38. Ke4 Rxa3 39. Nxh6 Ra1 40. Rxf7+ Ke8 41. Rxc7 Re1+ 42. Kf3 Rxe5 43. Ng4 Rf5+ 44. Kg2 Rxh5 45. Rb7 Bd4 46. Rxb6 Ke7 47. Ra6 Rc5 48. Ra4 Rc8 49. Kf3 Rf8+ 50. Ke2 Kd6 51. Ra6+ Ke7 52. Ra2 Kd6 53. Kd3 Bc5 54. Ke4 Ke7 55. Rb2 Kd6 56. Rd2+ Ke7 57. f4 Rg8 58. Rd7+ Kxd7 59. Nf6+ Kc6 60. Nxg8 Bf2 61. g4 Kc5 62. Ke5 Be3 63. g5 Kxc4 64. g6 Kd3 65. Nf6 1-0

[Event "SUI-ch"]
[White "Brunold, Thomas"]
[Black "Kupper, Patrick"]
[Site "Graechen"]
[Round "1"]
[Result "0-1"]
[Date "1999.??.??"]
[WhiteElo "1895"]
[BlackElo "2315"]
[PlyCount "64"]
[EventDate "1999.07.??"]
[EventType "swiss"]
[EventRounds "9"]
[EventCountry "SUI"]
[SourceTitle "EXT 2002"]
[Source "ChessBase"]
[SourceDate "2001.11.25"]
[SourceVersion "1"]
[SourceVersionDate "2001.11.25"]
[SourceQuality "1"]

1. e4 e6 2. d4 d5 3. Nd2 a6 4. Bd3 c5 5. c3 Nc6 6. Ngf3 cxd4 7. cxd4 Nb4 8. Be2 dxe4 9. Nxe4 Be7 10. 0-0 Nf6 11. Nxf6+ Bxf6 12. Ne5 0-0 13. Bf4 Nd5 14. Bg3 b5 15. Qb3 Qb6 16. Rfd1 Rd8 17. Qf3 Bb7 18. Bd3 Bxe5 19. Bxe5 f6 20. Qh5 h6 21. Qg6 fxe5 22. Qh7+ Kf8 23. Bg6 Nf6 24. Qh8+ Ng8 25. Rd3 Rxd4 26. Rg3 Rad8 27. Rf1 Qc7 28. Bh7 Qf7 29. Bg6 Qf6 30. Bh7 Kf7 31. Bc2 Ne7 32. Qh7 Nf5 0-1

[Event "SUI-ch"]
[White "Kamber, Bruno"]
[Black "Kupper, Patrick"]
[Site "Graechen"]
[Round "7"]
[Result "1-0"]
[Date "1999.??.??"]
[WhiteElo "2385"]
[BlackElo "2315"]
[PlyCount "75"]
[EventDate "1999.07.??"]
[EventType "swiss"]
[EventRounds "9"]
[EventCountry "SUI"]
[SourceTitle "EXT 2002"]
[Source "ChessBase"]
[SourceDate "2001.11.25"]
[SourceVersion "1"]
[SourceVersionDate "2001.11.25"]
[SourceQuality "1"]

1. e4 e6 2. Nc3 d5 3. g3 dxe4 4. Nxe4 Bd7 5. Nf3 Bc6 6. Qe2 Nd7 7. Bg2 Ngf6 8. d3 Be7 9. 0-0 0-0 10. Re1 Re8 11. Bd2 Nc5 12. Neg5 Bxf3 13. Nxf3 c6 14. Rad1 Qb6 15. b3 a5 16. Ne5 Qc7 17. c4 Ncd7 18. Bf4 Qb6 19. d4 Bb4 20. Rf1 Bf8 21. g4 g6 22. Rd3 Red8 23. Rfd1 Bg7 24. Bf3 a4 25. h4 axb3 26. axb3 Ra3 27. Qe3 Ra2 28. Bg5 Rda8 29. h5 Rb2 30. hxg6 hxg6 31. Nxd7 Nxd7 32. d5 Qxe3 33. Rxe3 cxd5 34. cxd5 e5 35. d6 f6 36. Bxb7 Ra7 37. Bd5+ Kh7 38. Rh3+ 1-0

[Event "SUI-chT"]
[White "Kupper, Patrick"]
[Black "Vogt, Lothar"]
[Site "Switzerland"]
[Round "6.1"]
[Result "0-1"]
[Date "1999.??.??"]
[WhiteElo "2300"]
[BlackElo "2466"]
[PlyCount "84"]
[EventDate "1999.01.??"]
[EventType "team-tourn"]
[EventRounds "9"]
[EventCountry "SUI"]
[SourceTitle "EXT 2001"]
[Source "ChessBase"]
[SourceDate "2000.11.22"]
[SourceVersion "1"]
[SourceVersionDate "2000.11.22"]
[SourceQuality "1"]

1. e4 c5 2. Nf3 e6 3. c3 d5 4. exd5 Qxd5 5. d4 Nf6 6. Be3 cxd4 7. cxd4 Nc6 8. Nc3 Qd6 9. a3 Be7 10. Bd3 b6 11. 0-0 Bb7 12. Qe2 0-0 13. Rad1 Rfe8 14. Rfe1 Bf8 15. Bg5 Nd5 16. Ne4 Qc7 17. Bb1 Rac8 18. Qd3 g6 19. Ba2 Nce7 20. Ne5 Bg7 21. Rc1 Qb8 22. Rxc8 Rxc8 23. Bxe7 Bxe5 24. dxe5 Nxe7 25. Nf6+ Kg7 26. h4 Qc7 27. h5 Ng8 28. Qh3 Nh6 29. hxg6 hxg6 30. Re3 Qc1+ 31. Kh2 Rh8 32. Rc3 Ng4+ 33. Nxg4 Rxh3+ 34. Rxh3 Qxb2 35. Bc4 Qd4 36. Be2 Be4 37. Re3 b5 38. Kg1 a5 39. Nf6 Bc6 40. Ng4 b4 41. axb4 axb4 42. Rd3 Qe4 0-1

[Event "SUI-chT"]
[White "Kupper, Patrick"]
[Black "Wirthensohn, Heinz"]
[Site "Switzerland"]
[Round "3.3"]
[Result "0-1"]
[Date "1999.??.??"]
[WhiteElo "2300"]
[BlackElo "2389"]
[PlyCount "122"]
[EventDate "1999.01.??"]
[EventType "team-tourn"]
[EventRounds "9"]
[EventCountry "SUI"]
[SourceTitle "EXT 2001"]
[Source "ChessBase"]
[SourceDate "2000.11.22"]
[SourceVersion "1"]
[SourceVersionDate "2000.11.22"]
[SourceQuality "1"]

1. e4 c5 2. c3 d5 3. exd5 Qxd5 4. d4 Nf6 5. Nf3 Nc6 6. Be3 Ng4 7. Bd3 e5 8. 0-0 exd4 9. cxd4 Bd6 10. Re1 0-0 11. dxc5 Nxe3 12. Rxe3 Qxc5 13. Nc3 Bf4 14. Re4 Bh6 15. Rh4 f5 16. Qb3+ Kh8 17. Re1 b6 18. Rc4 Qd6 19. Nb5 Qd7 20. Rxc6 Qxc6 21. Ne5 Be6 22. Nxc6 Bxb3 23. axb3 a6 24. Nbd4 g6 25. g3 Bg7 26. Re2 Bxd4 27. Nxd4 Rfd8 28. Bxf5 Rxd4 29. Be4 Rad8 30. f3 Kg7 31. Kf2 Kf6 32. Ke3 Rb4 33. Bc2 Re8+ 34. Kf2 Rxe2+ 35. Kxe2 g5 36. Kd3 a5 37. Kc3 h6 38. Bd3 Ke5 39. Bc4 b5 40. Bd3 Kd5 41. Be2 Kc5 42. Bd3 Rd4 43. Bxb5 Rd1 44. Bd3 Rh1 45. g4 Rxh2 46. Be4 Re2 47. Bb7 Re3+ 48. Kc2 Kd4 49. Ba8 Re2+ 50. Kb1 Rh2 51. Ka2 h5 52. gxh5 Rxh5 53. Ka3 Rh1 54. Ka2 Rf1 55. b4 axb4 56. Kb3 Ke3 57. Kxb4 Rxf3 58. Kc5 g4 59. b4 g3 60. b5 g2 61. Bxf3 Kxf3 0-1

[Event "Wch U26"]
[White "Kupper, Patrick"]
[Black "Dgebuadze, Alexandre"]
[Site "Leon"]
[Round "9"]
[Result "0-1"]
[Date "1996.??.??"]
[WhiteElo "2310"]
[BlackElo "2425"]
[PlyCount "60"]
[EventDate "1996.??.??"]
[EventType "swiss"]
[EventRounds "9"]
[EventCountry "ESP"]
[SourceTitle "EXT 1997"]
[Source "ChessBase"]
[SourceDate "1996.11.15"]
[SourceVersion "1"]
[SourceVersionDate "1996.11.15"]
[SourceQuality "1"]

1. e4 e6 2. d4 d5 3. Nc3 Bb4 4. Qd3 Ne7 5. Bd2 Nd7 6. Nge2 0-0 7. 0-0-0 c5 8. exd5 exd5 9. dxc5 Nxc5 10. Qd4 Qa5 11. Nxd5 Nxd5 12. Qxd5 Bxd2+ 13. Qxd2 Qxa2 14. Qb4 b6 15. f3 Bf5 16. Qa3 Nb3+ 17. Qxb3 Qa1+ 18. Kd2 Rad8+ 19. Nd4 Rxd4+ 20. Bd3 Qa5+ 21. Qc3 Qd5 22. Kc1 Rc8 23. Rhe1 g6 24. Qxc8+ Bxc8 25. Re8+ Kg7 26. Rxc8 Ra4 27. h4 Rxh4 28. Bc4 Qg5+ 29. Kb1 Qxg2 30. Rd7 Rxc4 0-1

[Event "Wch U26"]
[White "Kupper, Patrick"]
[Black "Altgelt, Alexander"]
[Site "Sofia"]
[Round "5"]
[Result "1/2-1/2"]
[Date "1994.??.??"]
[WhiteElo "2295"]
[BlackElo "2220"]
[PlyCount "69"]
[EventDate "1994.??.??"]
[EventType "swiss"]
[EventRounds "9"]
[EventCountry "BUL"]
[SourceTitle "TD"]
[Source "ChessBase"]
[SourceDate "1994.03.01"]
[SourceVersion "1"]
[SourceVersionDate "1994.03.01"]
[SourceQuality "1"]

1. e4 c5 2. c3 Nf6 3. e5 Nd5 4. d4 cxd4 5. Nf3 e6 6. cxd4 b6 7. Bd3 Bb4+ 8. Bd2 Bxd2+ 9. Nfxd2 Ba6 10. Ne4 0-0 11. Bxa6 Nxa6 12. Nbc3 Nac7 13. 0-0 f6 14. exf6 gxf6 15. Rc1 f5 16. Nxd5 Nxd5 17. Nc3 Nf4 18. Qf3 Qg5 19. g3 Nh3+ 20. Kg2 Qg4 21. Qxg4+ fxg4 22. f4 Rac8 23. Nb5 Rc6 24. Nxa7 Rd6 25. Nb5 Rd5 26. a4 d6 27. Rce1 Rc8 28. Re2 Rc4 29. b3 Rb4 30. Rb1 Kf7 31. Kf1 h5 32. Nc3 Rf5 33. Rd2 Ng5 34. Nb5 Nf3 35. Nxd6+ 1/2-1/2

[Event "Budapest Spring op 09th"]
[White "Kupper, Patrick"]
[Black "Gyimesi, Zoltan"]
[Site "Budapest"]
[Round "8"]
[Result "0-1"]
[Date "1993.??.??"]
[WhiteElo "2265"]
[BlackElo "2395"]
[PlyCount "74"]
[EventDate "1993.03.??"]
[EventType "swiss"]
[EventRounds "9"]
[EventCountry "HUN"]
[SourceTitle "EXT 1998"]
[Source "ChessBase"]
[SourceDate "1997.11.17"]
[SourceVersion "1"]
[SourceVersionDate "1997.11.17"]
[SourceQuality "1"]

1. e4 e5 2. Bc4 Nf6 3. Nc3 Nc6 4. d3 Na5 5. Nge2 Nxc4 6. dxc4 Bc5 7. 0-0 d6 8. Qd3 a6 9. a3 h6 10. b4 Ba7 11. Bb2 Be6 12. Rad1 0-0 13. Nd5 Nxd5 14. cxd5 Bd7 15. Ng3 g6 16. Kh1 Qh4 17. c4 Rae8 18. Rde1 b5 19. c5 dxc5 20. bxc5 Bxc5 21. f4 exf4 22. Qc3 f6 23. Ne2 Bd6 24. Nd4 Bg4 25. Nf3 Bxf3 26. Qxf3 g5 27. h3 Be5 28. Bxe5 fxe5 29. Rc1 Re7 30. Rc6 h5 31. Qb3 Ref7 32. d6 cxd6 33. Rxd6 g4 34. Qe6 f3 35. Qg6+ Rg7 36. Qe6+ Rff7 37. Qe8+ Kh7 0-1

[Event "Mitropa Cup 14th"]
[White "Kupper, Patrick"]
[Black "Djuric, Stefan"]
[Site "Brno"]
[Round "2"]
[Result "0-1"]
[Date "1991.??.??"]
[WhiteElo "2255"]
[BlackElo "2535"]
[PlyCount "66"]
[EventDate "1991.10.??"]
[EventType "team-tourn"]
[EventRounds "7"]
[EventCountry "CSR"]
[SourceTitle "CBM 026"]
[Source "ChessBase"]
[SourceDate "1992.02.01"]
[SourceVersion "1"]
[SourceVersionDate "1992.02.01"]
[SourceQuality "1"]

1. e4 e5 2. Bc4 c6 3. Nf3 d6 4. 0-0 Nf6 5. Re1 Be7 6. Bb3 0-0 7. d3 Bg4 8. Nbd2 Nfd7 9. c3 Nc5 10. h3 Nxb3 11. Qxb3 Bc8 12. d4 Qc7 13. Nf1 Be6 14. Qc2 a5 15. a4 Nd7 16. Ng3 Rfe8 17. Be3 Nf6 18. Rad1 h6 19. Nd2 b5 20. b3 Rab8 21. Rb1 Bf8 22. f4 exf4 23. Bxf4 c5 24. d5 Bd7 25. axb5 Bxb5 26. Nf5 c4 27. b4 Bd7 28. Ne3 axb4 29. Rxb4 Rxb4 30. cxb4 c3 31. Rc1 Qa7 32. Ndc4 Bb5 33. Kh2 Rxe4 0-1

[Event "SUI-chT"]
[White "Kupper, Patrick"]
[Black "Landenbergue, Claude"]
[Site "Switzerland"]
[Round "?"]
[Result "0-1"]
[Date "1991.??.??"]
[WhiteElo "2300"]
[BlackElo "2410"]
[PlyCount "56"]
[EventDate "1991.??.??"]
[EventType "team-tourn"]
[EventRounds "9"]
[EventCountry "SUI"]
[SourceTitle "EXT 1998"]
[Source "ChessBase"]
[SourceDate "1997.11.17"]
[SourceVersion "1"]
[SourceVersionDate "1997.11.17"]
[SourceQuality "1"]

1. e4 e6 2. d4 d5 3. Nd2 Nf6 4. e5 Ne4 5. Qg4 f5 6. exf6 Nxf6 7. Qh4 c5 8. Bd3 cxd4 9. Ngf3 Nc6 10. 0-0 Bd6 11. Re1 0-0 12. Ng5 h6 13. Nxe6 Qe7 14. f4 Bxe6 15. f5 Ne5 16. fxe6 Qxe6 17. Nf3 Nxf3+ 18. gxf3 Qf7 19. Bf5 Rae8 20. Bd2 Nd7 21. Bxd7 Qxd7 22. Qxd4 Qf7 23. Bc3 b6 24. b4 Rc8 25. Re6 Rxc3 26. Rxd6 Rxc2 27. Qd3 Rxh2 28. a4 Rh5 0-1

[Event "Mitropa Cup 14th"]
[White "Kupper, Patrick"]
[Black "Weinzettl, Ernst"]
[Site "Brno"]
[Round "4"]
[Result "1-0"]
[Date "1991.??.??"]
[WhiteElo "2255"]
[BlackElo "2285"]
[PlyCount "85"]
[EventDate "1991.10.??"]
[EventType "team-tourn"]
[EventRounds "7"]
[EventCountry "CSR"]
[SourceTitle "CBM 026"]
[Source "ChessBase"]
[SourceDate "1992.02.01"]
[SourceVersion "1"]
[SourceVersionDate "1992.02.01"]
[SourceQuality "1"]

1. e4 e6 2. d4 d5 3. Nc3 Bb4 4. e5 c5 5. Bd2 Ne7 6. Nf3 cxd4 7. Nb5 Bxd2+ 8. Qxd2 0-0 9. Nbxd4 Nbc6 10. Bd3 Nxd4 11. Nxd4 f6 12. exf6 Rxf6 13. Qe3 Qb6 14. 0-0-0 Nc6 15. c3 Bd7 16. Rhe1 e5 17. Nxc6 bxc6 18. f3 Re8 19. Qg5 h6 20. Qg3 e4 21. Bxe4 Rb8 22. Re2 Re6 23. Qf2 Qa6 24. a3 Rbe8 25. Red2 R6e7 26. Bd3 Qa4 27. Qg3 Rf8 28. Qd6 Ref7 29. Bg6 Rf6 30. Qxd7 Rxg6 31. Re1 Qf4 32. Ree2 a5 33. h3 Rd6 34. Qc7 Rf7 35. Qxa5 d4 36. Re4 dxc3 37. Qxc3 Qg5 38. Kc2 Rxd2+ 39. Qxd2 Qc5+ 40. Kb1 Qf5 41. Qc2 Qd7 42. Qc4 Kh8 43. Re6 1-0

[Event "Mitropa Cup 14th"]
[White "Santolini, Luigi"]
[Black "Kupper, Patrick"]
[Site "Brno"]
[Round "3"]
[Result "1/2-1/2"]
[Date "1991.??.??"]
[WhiteElo "2240"]
[BlackElo "2255"]
[PlyCount "60"]
[EventDate "1991.10.??"]
[EventType "team-tourn"]
[EventRounds "7"]
[EventCountry "CSR"]
[SourceTitle "CBM 026"]
[Source "ChessBase"]
[SourceDate "1992.02.01"]
[SourceVersion "1"]
[SourceVersionDate "1992.02.01"]
[SourceQuality "1"]

1. d4 e6 2. c4 Nf6 3. Nc3 Bb4 4. e3 c5 5. Nge2 cxd4 6. exd4 d5 7. c5 Ne4 8. Bd2 Nxd2 9. Qxd2 b6 10. a3 Bxc3 11. Nxc3 bxc5 12. dxc5 a5 13. Bb5+ Bd7 14. b3 Qc7 15. Rc1 0-0 16. b4 axb4 17. axb4 Bxb5 18. Nxb5 Qe5+ 19. Qe2 Qxe2+ 20. Kxe2 Nc6 21. Nd6 Rfb8 22. Ra1 Nxb4 23. Rxa8 Rxa8 24. Rb1 Rb8 25. Rxb4 Rxb4 26. c6 Rb2+ 27. Kd3 Rb3+ 28. Kd2 Rb2+ 29. Kd3 Rb3+ 30. Kd2 Rb2+ 1/2-1/2